Museo Marítimo Barcelona : Sala Marqués de Comillas / Museo Marítimo Barcelona ; fotos: Centelles Sala Marqués de Comillas / Museo Marítimo Barcelona ; fotos:
Descripción Física:
[12] p. : fot. ; 18 cm
Otros Autores:
Centelles, Agustí, fot
Materias:
Museu Marítim (Barcelona)
MARC
| LEADER | 00000nam a2200000Ia 4500 | ||
|---|---|---|---|
| 001 | 19513 | ||
| 008 | 160829s1951 xx 000 0 cat d | ||
| 080 | |a FU-7-35 | ||
| 100 | |a Museu Marítim (Barcelona) | ||
| 245 | |a Museo Marítimo Barcelona : |b Sala Marqués de Comillas / Museo Marítimo Barcelona ; fotos: |b Centelles | ||
| 260 | |a Barcelona : |b Imp. Vélez, |c 1951 | ||
| 300 | |a [12] p. : |b fot. ; |c 18 cm | ||
| 590 | |a Prové de R-242 | ||
| 650 | |a Museu Marítim (Barcelona) | ||
| 700 | |a Centelles, Agustí, fot. |9 47149 | ||
| 856 | 4 | |u https://media.diba.cat/diba/fitxers/arxiu/fulletons/bib_19513_baixa.pdf |y Accés lliure | |
| 856 | 4 | |u https://media.diba.cat/diba/fitxers/arxiu/fulletons/bib_19513_baixa.pdf |y Accés lliure | |
| 901 | |a Arxiu | ||
| 942 | |n 1 |2 udc | ||
| 952 | |0 0 |1 0 |4 0 |6 FU735 |7 1 |9 53693 |a Arxiu |b Arxiu |d 2016-12-01 |l 0 |o FU-7-35 |p 19513 |r 2016-12-01 00:00:00 |w 2016-12-01 |y ARXIU | ||
| 999 | |c 57559 |d 57559 | ||
| 900 | |a bib_19513_baixa.pdf | ||